Science and religion : (Record no. 20541)
[ view plain ]
| 000 -LEADER | |
|---|---|
| fixed length control field | 00708nam a22002297a 4500 |
| 001 - CONTROL NUMBER | |
| control field | 15309070 |
| 003 - CONTROL NUMBER IDENTIFIER | |
| control field | OSt |
| 005 - DATE AND TIME OF LATEST TRANSACTION | |
| control field | 20230403150030.0 |
| 008 - FIXED-LENGTH DATA ELEMENTS--GENERAL INFORMATION | |
| fixed length control field | 170109b xxu||||| |||| 00| 0 eng d |
| 010 ## - LIBRARY OF CONGRESS CONTROL NUMBER | |
| LC control number | 2008023565 |
| 020 ## - INTERNATIONAL STANDARD BOOK NUMBER | |
| International Standard Book Number | 9780199295517 |
| 040 ## - CATALOGING SOURCE | |
| Original cataloging agency | MMU |
| Transcribing agency | MMU |
| Modifying agency | MMU |
| Language of cataloging | eng |
| 050 00 - LIBRARY OF CONGRESS CALL NUMBER | |
| Classification number | BL240.3 |
| Item number | .D57 2008 |
| 082 00 - DEWEY DECIMAL CLASSIFICATION NUMBER | |
| Classification number | 201/.65 |
| Edition number | 22 |
| 100 1# - MAIN ENTRY--PERSONAL NAME | |
| Personal name | Dixon, Thomas |
| Fuller form of name | (Thomas M.) |
| 245 10 - TITLE STATEMENT | |
| Title | Science and religion : |
| Remainder of title | a very short introduction / |
| Statement of responsibility, etc. | Thomas Dixon. |
| 260 ## - PUBLICATION, DISTRIBUTION, ETC. (IMPRINT) | |
| Place of publication, distribution, etc. | New York : |
| Name of publisher, distributor, etc. | Oxford University Press Inc., |
| Date of publication, distribution, etc. | 2008. |
| 300 ## - PHYSICAL DESCRIPTION | |
| Extent | 150 p. : |
| Other physical details | ill. ; |
| Dimensions | 18 cm. |
| 500 ## - GENERAL NOTE | |
| General note | Includes bibliographical references (p. 134-144) and index. |
| 650 #0 - SUBJECT ADDED ENTRY--TOPICAL TERM | |
| Topical term or geographic name as entry element | Religion and science. |
| 942 ## - ADDED ENTRY ELEMENTS (KOHA) | |
| Source of classification or shelving scheme | Library of Congress Classification |
| Koha item type | L |
| Withdrawn status | Lost status | Source of classification or shelving scheme | Damaged status | Not for loan | Home library | Current library | Date acquired | Source of acquisition | Total Checkouts | Full call number | Barcode | Date last seen | Price effective from | Koha item type | Date last checked out |
|---|---|---|---|---|---|---|---|---|---|---|---|---|---|---|---|
| Library of Congress Classification | Maasai Mara University Library -Main Campus | Maasai Mara University Library -Main Campus | 01/09/2017 | Donation -T4C | BL240.3 .D57 2008 | 16019765 | 01/09/2017 | 01/09/2017 | L | ||||||
| Library of Congress Classification | Maasai Mara University Library -Main Campus | Maasai Mara University Library -Main Campus | 04/05/2017 | Donation -T4C | 2 | BL240.3 .D57 2008 | 17030938 | 11/15/2018 | 04/05/2017 | L | 10/18/2018 | ||||
| Library of Congress Classification | Maasai Mara University Library -Main Campus | Maasai Mara University Library -Main Campus | 04/05/2017 | Donation -T4C | 1 | BL240.3 .D57 2008 | 17030941 | 10/18/2018 | 04/05/2017 | L | 10/04/2018 | ||||
| Library of Congress Classification | Maasai Mara University Library -Main Campus | Maasai Mara University Library -Main Campus | 05/08/2017 | Donation -T4C | 1 | BL240.3 .D57 2008 | 17031439 | 12/19/2019 | 05/08/2017 | L | 11/30/2018 | ||||
| Library of Congress Classification | Maasai Mara University Library -Main Campus | Maasai Mara University Library -Main Campus | 05/12/2017 | Donation-T4C | 1 | BL240.3 .D57 2008 | 17031361 | 10/08/2018 | 05/12/2017 | L | 09/24/2018 |